|
|
|
|
| LEADER |
00000nam a2200000 a 4500 |
| 001 |
UCO7978 |
| 003 |
CL-VaPUC |
| 008 |
001124e19650000us |||||||||||||||||eng|d |
| 082 |
0 |
4 |
|a 355.43
|b ARO
|2 21
|
| 100 |
0 |
|
|a Aron, Raymond
|e author
|9 452776
|
| 245 |
1 |
4 |
|a The great debate: theories of nuclear strategy
|
| 300 |
|
|
|a 265 p
|
| 942 |
|
|
|c BK
|
| 945 |
|
|
|d 20001124 00:00:00
|a crobeson
|
| 260 |
|
|
|a Nueva York
|b Doubleday
|c 1965
|
| 500 |
|
|
|a Donación del profesor Manfred Wilhelmy von Wolff
|
| 650 |
|
0 |
|a Guerra nuclear
|9 318894
|
| 650 |
|
0 |
|a Estrategias militares
|9 438853
|
| 650 |
|
7 |
|a REVOLUCION TECNOLOGICA
|2 CL-VaPUC
|9 391569
|
| 650 |
|
0 |
|a Relaciones Internacionales
|9 255740
|
| 650 |
|
7 |
|a EQUILIBRIO INTERNACIONAL
|2 CL-VaPUC
|9 314688
|
| 583 |
|
|
|a last modification
|c 20150511 04:32:31
|k Rodrigo Vera
|
| 999 |
|
|
|c 292790
|d 292788
|
| 952 |
|
|
|0 0
|1 0
|4 0
|6 355_430000000000000_ARO_1965
|7 0
|8 A
|9 343863
|a BIBHIS
|b BIBHIS
|d 2019-11-20
|i 1229966
|o 355.43 ARO 1965
|p 1229966
|r 2025-01-20
|w 2019-11-20
|y BK
|k HIS
|